Statistics for Northern Ireland - Germany UEFA Euro 2016

Click here to take the quiz!

General Stats

  • This quiz has been taken 49 times
  • The average score is 16 of 30

Answer Stats

Answer% Correct
Jérôme Boateng
89%
Manuel Neuer
89%
Thomas Müller
86%
Mats Hummels
84%
Mesut Özil
75%
Joshua Kimmich
70%
Corry Evans
68%
Jonathan Evans
68%
Mario Gomez ¹
68%
Toni Kroos
68%
Joachim Löw
66%
Mario Götze
66%
Sami Khedira
59%
Steven Davis
59%
Jonas Hector
55%
Kyle Lafferty
55%
Michael McGovern
50%
Bastian Schweinsteiger
45%
Gareth McAuley
43%
André Schürrle
39%
Benedikt Höwedes
39%
Michael O'Neill
39%
Stuart Dallas
39%
Conor Washington
34%
Craig Cathcart
32%
Jamie Ward
32%
Aaron Hughes
27%
Oliver Norwood
27%
Josh Magennis
25%
Niall McGinn
20%

Score Distribution

Percentile by Number Answered

Percent of People with Each Score

Your Score History

You have not taken this quiz